Reuse of materials and byproducts in construction : (Record no. 18245)
[ view plain ]
| 000 -LEADER | |
|---|---|
| fixed length control field | 00797cam a22002175i 4500 |
| 001 - CONTROL NUMBER | |
| control field | 17884882 |
| 005 - DATE AND TIME OF LATEST TRANSACTION | |
| control field | 20140430113047.0 |
| 008 - FIXED-LENGTH DATA ELEMENTS--GENERAL INFORMATION | |
| fixed length control field | 140430t2013 xxka frb 000 0 eng d |
| 020 ## - INTERNATIONAL STANDARD BOOK NUMBER | |
| International Standard Book Number | 9781447153757 |
| 082 00 - DEWEY DECIMAL CLASSIFICATION NUMBER | |
| Edition number | 22 |
| Classification number | 690.0286 |
| Item number | REU |
| 245 00 - TITLE STATEMENT | |
| Title | Reuse of materials and byproducts in construction : |
| Remainder of title | waste minimization and recycling / |
| Statement of responsibility, etc | editor Alan Richardson. |
| 260 ## - PUBLICATION, DISTRIBUTION, ETC. (IMPRINT) | |
| Place of publication, distribution, etc | London : |
| Name of publisher, distributor, etc | Springer, |
| Date of publication, distribution, etc | c.2013 |
| Manufacturer | (Acid-Free Paper) |
| 300 ## - PHYSICAL DESCRIPTION | |
| Extent | xiii, 149 p. : |
| Other physical details | ill. (col.) ; |
| Dimensions | 24 cm. |
| 490 0# - Series Statement | |
| Series statement | Green energy and technology |
| 504 ## - BIBLIOGRAPHY, ETC. NOTE | |
| Bibliography, etc | Includes bibliographical references. |
| 650 #0 - SUBJECT ADDED ENTRY--TOPICAL TERM | |
| 9 (RLIN) | 35952 |
| Topical term or geographic name as entry element | Construction and demolition debris |
| General subdivision | Recycling |
| 653 ## - INDEX TERM--UNCONTROLLED | |
| Resource For college | Engineering, Architecture |
| -- | Engineering, Mechanical |
| Arrived date list | April2014 |
| 655 ## - INDEX TERM--GENRE/FORM | |
| Form subdivision | |
| -- | 34232 |
| 700 1# - ADDED ENTRY--PERSONAL NAME | |
| 9 (RLIN) | 35953 |
| Personal name | Richardson, Alan |
| Relator term | editor. |
| 942 ## - ADDED ENTRY ELEMENTS (KOHA) | |
| Source of classification or shelving scheme | Dewey Decimal Classification |
| Call number prefix | 690.0286 REU |
| Withdrawn status | Item status | Source of classification or shelving scheme | Damaged status | Not for loan | Vendor | Home library | Current library | Shelving location | Date acquired | Source of acquisition | Cost, normal purchase price | Total Checkouts | Total Renewals | Full call number | Barcode | Date last seen | Date last borrowed | Cost, replacement price | Koha item type |
|---|---|---|---|---|---|---|---|---|---|---|---|---|---|---|---|---|---|---|---|
| Dewey Decimal Classification | Baccah | Central Library | Central Library | First floor | 30/04/2014 | 750.00 | 1 | 2 | 690.0286 REU | 000035931 | 15/07/2025 | 04/04/2019 | 937.50 | Book - Borrowing |